Sci-Fi Movies Starting with C - Statistics

General Stats
  • This quiz has been taken 13 times
  • The average score is 3 of 10
Answer Stats
# Answer % Correct
1 Captain America
91%
2 Captain Marvel
82%
7 Close Encounters of the Third Kind
36%
4 Catwoman
18%
5 Cat-Women of the Moon
9%
6 Chicken Little
9%
8 Contagion
9%
9 Cowboys vs Aliens
9%
10 Creature from the Black Lagoon
9%
3 The Cat from Outer Space
9%
No matching quizzes found
Score Distribution
Percent of People with Each Score
Percentile by Number Answered
Your Score History
You have not taken this quiz